Fr. Conceicao Rodrigues College of Engineering

Basic plumbing (Record no. 23875)

MARC details
000 -LEADER
fixed length control field 00291nam a2200133Ia 4500
082 ## - DEWEY DECIMAL CLASSIFICATION NUMBER
Classification number 696.1
100 ## - MAIN ENTRY--PERSONAL NAME
Personal name Slater/H/ Smith/Lee
245 ## - TITLE STATEMENT
Title Basic plumbing
260 ## - PUBLICATION, DISTRIBUTION, ETC.
Name of publisher, distributor, etc. Van Nostrand Reinhold Co.
Place of publication, distribution, etc. New York
Date of publication, distribution, etc. 1979
300 ## - PHYSICAL DESCRIPTION
Extent 209
546 ## - LANGUAGE NOTE
Language note ENGLISH
654 ## - SUBJECT ADDED ENTRY--FACETED TOPICAL TERMS
Focus term Plumbing
942 ## - ADDED ENTRY ELEMENTS (KOHA)
Koha item type BOOK
Holdings
Withdrawn status Lost status Damaged status Not for loan Collection Home library Current library Shelving location Date acquired Source of acquisition Cost, normal purchase price Inventory number Total Checkouts Full call number Barcode Date last seen Cost, replacement price Price effective from Koha item type
        AFT Fr. Agnel's C.Rodrigues College of Engineering Fr. Agnel's C.Rodrigues College of Engineering   17/03/2023 UBS 120.95 T-212   696.1 AFT4304 17/03/2023 120.95 17/03/2023 BOOK